000 00286nam a22001337a 4500
008 180905b xxu||||| |||| 00| 0 eng d
020 _a9780805330441
041 _aeng
080 _25 ED
_a573
100 _a11
101 _aBIO
245 _aBiology
_cCampbell.n,a
942 _2udc
_cBK
999 _c47552
_d47552